[Event "HUN-chT2 Szechenyi 1617"]
[Site "Hungary"]
[Date "2016.12.11"]
[Round "6.12"]
[White "Alexandrova, Angelina"]
[Black "Varga, Daniel"]
[Result "1-0"]
[WhiteElo "1447"]
[BlackElo "1663"]
[PlyCount "55"]
[EventDate "2016.09.25"]
[EventType "team-tourn"]
[EventRounds "11"]
[EventCountry "HUN"]
[SourceTitle "EXT 2021"]
[Source "ChessBase"]
[SourceDate "2020.10.23"]
[SourceVersion "1"]
[SourceVersionDate "2020.10.23"]
[SourceQuality "1"]
[WhiteTeam "Keszthely Spartacus"]
[BlackTeam "Csuti Baki Agrocentrum"]
[WhiteTeamCountry "HUN"]
[BlackTeamCountry "HUN"]

1. e4 e5 2. Nf3 Nc6 3. Bb5 a6 4. Bxc6 dxc6 5. 0-0 Bg4 6. h3 Bxf3 7. Qxf3 Nf6 8. d3 h6 9. Nd2 Bc5 10. Qg3 Qe7 11. Nf3 Bd6 12. Qxg7 0-0-0 13. Qg3 Rdg8 14. Qh2 Nh5 15. Kh1 f5 16. g3 f4 17. gxf4 exf4 18. Rg1 Ng3+ 19. fxg3 fxg3 20. Qg2 Rh7 21. Be3 Rf7 22. Raf1 Qe6 23. a3 c5 24. Nh4 Rgf8 25. Rxf7 Rxf7 26. Nf5 Rxf5 27. exf5 Qxe3 28. Qe4 1-0

[Event "HUN-chT2 Szechenyi 1617"]
[Site "Hungary"]
[Date "2016.10.09"]
[Round "2.4"]
[White "Varga, Daniel"]
[Black "Nagy, Istvan Miklos"]
[Result "1/2-1/2"]
[WhiteElo "1663"]
[BlackElo "1814"]
[PlyCount "77"]
[EventDate "2016.09.25"]
[EventType "team-tourn"]
[EventRounds "11"]
[EventCountry "HUN"]
[SourceTitle "EXT 2021"]
[Source "ChessBase"]
[SourceDate "2020.10.23"]
[SourceVersion "1"]
[SourceVersionDate "2020.10.23"]
[SourceQuality "1"]
[WhiteTeam "Csuti Baki Agrocentrum"]
[BlackTeam "Gyor Szechenyi"]
[WhiteTeamCountry "HUN"]
[BlackTeamCountry "HUN"]

1. Nf3 c5 2. g3 d5 3. d3 Nf6 4. Bg2 e6 5. 0-0 Nc6 6. b3 Be7 7. Bb2 0-0 8. e3 b6 9. c4 Ba6 10. Ne5 Nxe5 11. Bxe5 Rc8 12. Nd2 Nd7 13. Bb2 Bf6 14. Bxf6 Nxf6 15. Qe2 Rc7 16. Nf3 Qb8 17. Rfd1 Rd8 18. Ne5 Bb7 19. a3 Qa8 20. f4 d4 21. Bxb7 Qxb7 22. e4 Nd7 23. Nf3 Rcc8 24. Ng5 Nf8 25. Nf3 Qe7 26. Rab1 a5 27. Qb2 Nd7 28. b4 axb4 29. axb4 e5 30. fxe5 Nxe5 31. Nxe5 Qxe5 32. bxc5 bxc5 33. Qf2 Rc6 34. Rf1 Rf6 35. Qe2 h6 36. Rxf6 Qxf6 37. Qf2 Qe7 38. Rb5 Qa7 39. Qe1 1/2-1/2

[Event "HUN-chT2 Szechenyi 1516"]
[Site "Hungary"]
[Date "2016.03.20"]
[Round "9.12"]
[White "Varga, Daniel"]
[Black "Wekszli, Arpad"]
[Result "1/2-1/2"]
[WhiteElo "1441"]
[BlackElo "1692"]
[PlyCount "143"]
[EventDate "2015.09.13"]
[EventType "team-tourn"]
[EventRounds "11"]
[EventCountry "HUN"]
[SourceTitle "EXT 2017"]
[Source "ChessBase"]
[SourceDate "2016.10.25"]
[SourceVersion "1"]
[SourceVersionDate "2016.10.25"]
[SourceQuality "1"]
[WhiteTeam "Csuti Baki Agrocentrum"]
[BlackTeam "Lovo"]
[WhiteTeamCountry "HUN"]
[BlackTeamCountry "HUN"]

1. e4 g6 2. Nf3 d6 3. d4 Bg4 4. Be2 Bg7 5. 0-0 Nd7 6. h3 Bxf3 7. Bxf3 e5 8. Be3 Ne7 9. d5 0-0 10. Be2 h6 11. Qd2 Kh7 12. f4 exf4 13. Bd4 g5 14. Bxg7 Kxg7 15. Qd4+ Ne5 16. Nd2 N7g6 17. Bg4 Qf6 18. Bf5 Nh4 19. Qc3 Nxf5 20. exf5 Rfc8 21. Rfe1 Qxf5 22. Nf3 f6 23. Nd4 Qd7 24. Ne6+ Kf7 25. Qb3 Rab8 26. Rac1 c6 27. Nd4 c5 28. Nf3 Re8 29. c4 Nxf3+ 30. Qxf3 Kg6 31. h4 Qf5 32. h5+ Kf7 33. g4 Qd7 34. Kg2 Re5 35. Rxe5 fxe5 36. Kh3 Kg7 37. Qe4 Qf7 38. Kg2 f3+ 39. Kf2 Rf8 40. Rc3 Qe8 41. Rxf3 Rxf3+ 42. Qxf3 Qf7 43. Qxf7+ Kxf7 44. Ke3 Ke7 45. Kf3 Kd7 46. Ke3 Kc7 47. a3 Kb6 48. b3 Ka5 49. Ke4 b5 50. Kd3 Kb6 51. cxb5 Kxb5 52. Kc3 Ka5 53. Kd3 Kb5 54. Kc3 a5 55. a4+ Kb6 56. Kd3 c4+ 57. Kxc4 e4 58. Kd4 e3 59. Kxe3 Kc5 60. Ke4 Kb4 61. Kf5 Kxb3 62. Ke6 Kxa4 63. Kxd6 Kb3 64. Kc5 a4 65. d6 a3 66. d7 a2 67. d8Q a1Q 68. Qd5+ Kc2 69. Qg2+ Kd3 70. Qf3+ Kd2 71. Qf2+ Kd3 72. Qf3+ 1/2-1/2